[Event "V MTSz Klubu Polonia Wroclaw"]
[Site "Wroclaw"]
[Date "2010.06.28"]
[Round "3"]
[White "Daulyte, Deimante"]
[Black "Sokalsky, Alexander"]
[Result "1/2-1/2"]
[WhiteElo "2334"]
[BlackElo "2217"]
[PlyCount "59"]
[EventDate "2010.??.??"]

1. e4 c6 2. d4 g6 3. Nc3 d5 4. h3 Bg7 5. Nf3 dxe4 6. Nxe4 Nf6 7. Nxf6+ exf6 8.
Be2 O-O 9. O-O b6 10. Bf4 Na6 11. Qd2 Nc7 12. Rad1 Ne6 13. Bg3 Bb7 14. c4 Qd7
15. d5 Nc5 16. Bh2 Rfe8 17. Nd4 cxd5 18. Nb5 dxc4 19. Qxd7 Nxd7 20. Bxc4 Re7
21. Rfe1 Rxe1+ 22. Rxe1 Bf8 23. Nd6 Bxd6 24. Bxd6 Ne5 25. Bxe5 fxe5 26. Rxe5
Rc8 27. b3 Rc7 28. Re8+ Kg7 29. f3 Kf6 30. Kf2 1/2-1/2

[Event "V MTSz Klubu Polonia Wroclaw"]
[Site "Wroclaw"]
[Date "2010.06.28"]
[Round "3"]
[White "Paikidze, Nazi"]
[Black "Krupa, Monika"]
[Result "0-1"]
[WhiteElo "2317"]
[BlackElo "2214"]
[PlyCount "52"]
[EventDate "2010.??.??"]

1. e4 c5 2. b3 Nc6 3. Bb2 e5 4. Bc4 d6 5. Ne2 Nf6 6. d3 a6 7. a4 d5 8. exd5
Nxd5 9. O-O Be6 10. Qd2 Be7 11. f4 O-O 12. Bxd5 Bxd5 13. Nbc3 h6 14. Nxd5 Qxd5
15. fxe5 Nd4 16. Rae1 Bg5 17. Nf4 Qc6 18. Re4 Rad8 19. Qd1 Rfe8 20. Ne2 Rd5 21.
h4 Bd8 22. Nxd4 cxd4 23. Qf3 Qd7 24. Rfe1 Bc7 25. Qf4 f6 26. Bxd4 f5 0-1

[Event "V MTSz Klubu Polonia Wroclaw"]
[Site "Wroclaw"]
[Date "2010.06.28"]
[Round "3"]
[White "Leks, Hanna"]
[Black "Szablowski, Pawel"]
[Result "1/2-1/2"]
[WhiteElo "2165"]
[BlackElo "2312"]
[PlyCount "62"]
[EventDate "2010.??.??"]

1. e4 e6 2. d4 d5 3. e5 c5 4. Nf3 Nc6 5. Bd3 Nxd4 6. Nxd4 cxd4 7. O-O Ne7 8.
Bf4 Qb6 9. Nd2 Bd7 10. Nb3 Nc6 11. a4 a6 12. Bg3 Na5 13. Nxa5 Qxa5 14. f4 Be7
15. f5 exf5 16. Bxf5 Bxf5 17. Rxf5 O-O 18. Kh1 Qb4 19. b3 Rac8 20. Rf4 Bc5 21.
Qg4 Qc3 22. Raf1 Qxc2 23. Rxf7 Rxf7 24. Qxc8+ Bf8 25. Qe6 Qc7 26. Qxd5 Qd7 27.
Qc4 b5 28. axb5 axb5 29. Qd3 Rxf1+ 30. Qxf1 d3 31. e6 Qxe6 1/2-1/2

[Event "V MTSz Klubu Polonia Wroclaw"]
[Site "Wroclaw"]
[Date "2010.06.28"]
[Round "3"]
[White "Bakalarz, Mietek"]
[Black "Lach, Aleksandra"]
[Result "0-1"]
[WhiteElo "2305"]
[BlackElo "2179"]
[PlyCount "148"]
[EventDate "2010.??.??"]

1. e4 c5 2. c3 d5 3. exd5 Qxd5 4. d4 e5 5. dxe5 Qxe5+ 6. Ne2 Nc6 7. Bf4 Qe6 8.
g3 Qe4 9. Rg1 Bf5 10. g4 Bg6 11. Rg3 Rd8 12. Qb3 Be7 13. Nd2 Qe6 14. Qxe6 fxe6
15. Re3 Nf6 16. Bg2 Nxg4 17. Bxc6+ bxc6 18. Rg3 Nf6 19. Nc4 Nh5 20. Rh3 O-O 21.
Be3 Rd5 22. Na5 Rc8 23. Rd1 e5 24. c4 Rxd1+ 25. Kxd1 Nf6 26. Nc3 e4 27. Kc1 Ng4
28. Na4 Nxe3 29. fxe3 Bf5 30. Rg3 Bh4 31. Rg2 Bh3 32. Rc2 Bg5 33. Re2 Bg4 34.
Re1 Bh4 35. Rf1 Be7 36. Nb7 Be2 37. Rf4 Bf3 38. Kd2 g6 39. Naxc5 Bg5 40. Rxe4
Bxe4 41. Nxe4 Be7 42. Kc3 c5 43. a3 Rc7 44. Na5 Kf7 45. b4 cxb4+ 46. axb4 Ke6
47. c5 Kd5 48. Kd3 a6 49. Nc3+ Ke5 50. Nc4+ Ke6 51. Ke4 Bf8 52. Nd5 Rc6 53.
Nf4+ Ke7 54. Kd5 Rf6 55. Ke4 Kd8 56. Ke5 Rf5+ 57. Ke6 Kc7 58. Ne5 a5 59. Nd5+
Kc8 60. bxa5 Bxc5 61. a6 Rf1 62. Nd7 Ba7 63. N7f6 Ra1 64. Ne7+ Kb8 65. Nc6+ Kc7
66. Nxa7 Rxa6+ 67. Kf7 Rxa7 68. Nxh7 Ra6 69. Nf8 Kd6 70. Nxg6 Kd5 71. h4 Ke4
72. h5 Kf5 73. h6 Rf6+ 74. Ke7 Rxg6 0-1

[Event "V MTSz Klubu Polonia Wroclaw"]
[Site "Wroclaw"]
[Date "2010.06.28"]
[Round "3"]
[White "Wieczorek, Oskar"]
[Black "Lewicki, Miroslaw"]
[Result "1/2-1/2"]
[WhiteElo "2305"]
[BlackElo "2094"]
[PlyCount "66"]
[EventDate "2010.??.??"]

1. e4 c5 2. Nf3 d6 3. d4 cxd4 4. Nxd4 Nf6 5. Nc3 a6 6. Be2 e5 7. Nb3 Be7 8. O-O
O-O 9. Kh1 Be6 10. f4 Nc6 11. f5 Bxb3 12. axb3 Nd4 13. Be3 Nxe2 14. Qxe2 d5 15.
Nxd5 Nxd5 16. Rad1 Qc7 17. Rxd5 f6 18. Rfd1 Rfd8 19. Qc4 Qxc4 20. bxc4 Rdc8 21.
c5 a5 22. c3 a4 23. Rd7 Bxc5 24. Bxc5 Rxc5 25. Rxb7 a3 26. bxa3 Rxc3 27. g3 Kh8
28. Ra1 h5 29. a4 Rc2 30. Rb5 Rd8 31. Rd5 Rb8 32. Rb5 Rd8 33. Rd5 Rb8 1/2-1/2

[Event "V MTSz Klubu Polonia Wroclaw"]
[Site "Wroclaw"]
[Date "2010.06.28"]
[Round "3"]
[White "Schneider, Veronika"]
[Black "Warakomska, Anna"]
[Result "1-0"]
[WhiteElo "2339"]
[BlackElo "2192"]
[PlyCount "51"]
[EventDate "2010.??.??"]

1. e4 c5 2. Nf3 d6 3. d4 cxd4 4. Qxd4 Nc6 5. Bb5 Bd7 6. Bxc6 Bxc6 7. Nc3 Nf6 8.
Qd3 g6 9. Bg5 Bg7 10. O-O-O Qa5 11. h4 O-O 12. Nd4 Rfe8 13. Nb3 Qc7 14. h5 b5
15. hxg6 hxg6 16. Rh4 Rec8 17. Rdh1 e6 18. Qf3 Ne8 19. Qh3 f5 20. exf5 exf5 21.
Nd4 b4 22. Nxc6 Qxc6 23. Rxb4 a5 24. Re4 Ra7 25. Re6 Kf7 26. Rxg6 1-0

[Event "V MTSz Klubu Polonia Wroclaw"]
[Site "Wroclaw"]
[Date "2010.06.28"]
[Round "3"]
[White "Stoma, Pawel"]
[Black "Obrusnik, Michal"]
[Result "1-0"]
[WhiteElo "2309"]
[BlackElo "2184"]
[PlyCount "51"]
[EventDate "2010.??.??"]

1. e4 g6 2. d4 Bg7 3. Nc3 c6 4. Be3 d5 5. Nf3 dxe4 6. Nxe4 Nh6 7. Bc4 O-O 8.
O-O Nd7 9. Bb3 Nf5 10. Bf4 Nb6 11. Be5 Nd6 12. Nc5 Bg4 13. h3 Bxf3 14. Qxf3
Nbc4 15. Bxg7 Kxg7 16. Qc3 Na5 17. d5+ Kg8 18. dxc6 bxc6 19. Ba4 Qc7 20. Rfe1
Rfd8 21. b4 Nac4 22. Bb3 Nb6 23. Bxf7+ Kxf7 24. Ne6 Qc8 25. Qg7+ Ke8 26. Nc5
1-0

[Event "V MTSz Klubu Polonia Wroclaw"]
[Site "Wroclaw"]
[Date "2010.06.28"]
[Round "3"]
[White "Szczepkowska-Horowska, Karina"]
[Black "Otto, Andreas"]
[Result "1/2-1/2"]
[WhiteElo "2297"]
[BlackElo "2131"]
[PlyCount "69"]
[EventDate "2010.??.??"]

1. e4 c5 2. Nf3 Nc6 3. d4 cxd4 4. Nxd4 e5 5. Nb5 d6 6. N1c3 a6 7. Na3 b5 8. Nd5
Nge7 9. c4 Nd4 10. Bd3 Nxd5 11. cxd5 Be7 12. O-O O-O 13. Be3 Bf6 14. Bxd4 exd4
15. f4 g6 16. Nc2 Bg7 17. Qd2 f5 18. exf5 Bxf5 19. Rae1 Kh8 20. Nb4 Qd7 21. a3
Bxd3 22. Qxd3 Qa7 23. Nc6 Qc5 24. Ne7 Qc4 25. Qh3 Rf6 26. Rc1 Qe2 27. Rfe1 Qd2
28. Rc8+ Bf8 29. Qh4 g5 30. fxg5 Rxc8 31. gxf6 Rc1 32. Ng6+ Kg8 33. Ne7+ Kh8
34. Ng6+ Kg8 35. Ne7+ 1/2-1/2

[Event "V MTSz Klubu Polonia Wroclaw"]
[Site "Wroclaw"]
[Date "2010.06.28"]
[Round "3"]
[White "Lach, Piotr"]
[Black "Kudzma, Laimonas"]
[Result "0-1"]
[WhiteElo "2164"]
[BlackElo "2207"]
[PlyCount "94"]
[EventDate "2010.??.??"]

1. e4 c5 2. Nf3 Nc6 3. d4 cxd4 4. Nxd4 e5 5. Nb5 Nf6 6. N1c3 d6 7. a4 a6 8. Na3
Be6 9. Bg5 Rc8 10. Bc4 Be7 11. Bxf6 Bxf6 12. Nd5 O-O 13. O-O Bg5 14. c3 Kh8 15.
b4 Qe8 16. Qb3 f5 17. Nb6 Bxc4 18. Naxc4 Rd8 19. b5 Nb8 20. exf5 d5 21. Ne3 d4
22. cxd4 exd4 23. Ned5 Rxf5 24. Rad1 Nd7 25. bxa6 Nxb6 26. Nxb6 bxa6 27. Qd3
Ra5 28. Qc4 Bf6 29. Rfe1 Qh5 30. Qb4 h6 31. Rd3 Qc5 32. Rb1 Qxb4 33. Rxb4 Rc5
34. g3 Rc2 35. a5 Rc5 36. Ra4 Rc3 37. Rxc3 dxc3 38. Rc4 Rd2 39. Kg2 c2 40. Na4
Bd4 41. Nc5 Rxf2+ 42. Kh3 Be3 43. Nb3 h5 44. Rc6 g5 45. Rh6+ Kg7 46. Rxh5 Rf8
47. Kg4 Rb8 0-1

[Event "V MTSz Klubu Polonia Wroclaw"]
[Site "Wroclaw"]
[Date "2010.06.28"]
[Round "3"]
[White "Bartel, Michal"]
[Black "Malec, Sebastian"]
[Result "1-0"]
[WhiteElo "2287"]
[BlackElo "2114"]
[PlyCount "43"]
[EventDate "2010.??.??"]

1. e4 c5 2. Ne2 Nc6 3. g3 d5 4. Bg2 dxe4 5. Bxe4 Nf6 6. Bg2 e5 7. d3 Be6 8.
Nbc3 h6 9. h3 Qd7 10. Be3 Nd4 11. g4 Be7 12. Ng3 g6 13. Qd2 Nd5 14. O-O f5 15.
Bxd4 cxd4 16. Nxd5 Bxd5 17. gxf5 Bxg2 18. Kxg2 Qd5+ 19. Kh2 Bg5 20. Qe2 gxf5
21. f4 Be7 22. Nxf5 1-0

[Event "V MTSz Klubu Polonia Wroclaw"]
[Site "Wroclaw"]
[Date "2010.06.28"]
[Round "3"]
[White "Belenkaya, Dina"]
[Black "Setkauskas, Vaidas"]
[Result "0-1"]
[WhiteElo "2125"]
[BlackElo "2246"]
[PlyCount "98"]
[EventDate "2010.??.??"]

1. d4 Nf6 2. Nf3 e6 3. c4 b6 4. a3 Bb7 5. Nc3 d5 6. Bg5 Be7 7. e3 Nbd7 8. Bd3
O-O 9. O-O c5 10. cxd5 exd5 11. Rc1 Ne4 12. Bxe7 Qxe7 13. Bb1 Ndf6 14. Ne5 Rac8
15. Qd3 Rc7 16. Rfe1 Rfc8 17. f3 Nd6 18. Rcd1 g6 19. Qf1 Kg7 20. Qf2 Qe8 21. g4
Nb5 22. g5 Ng8 23. Ne2 Nd6 24. Ng3 Qe6 25. Kg2 Ne7 26. h4 Nef5 27. Ne2 Qe7 28.
Nf4 f6 29. gxf6+ Qxf6 30. Rh1 Rf8 31. Rh2 Nxd4 32. Ng4 Qf7 33. Nxg6 hxg6 34.
exd4 Nc4 35. Rh3 Bc8 36. Rg3 Bf5 37. b3 Bxb1 38. Rxb1 Qf5 39. Ra1 Nd6 40. Ne5
Rf6 41. Qd2 cxd4 42. Qxd4 Rc2+ 43. Kh1 Nb5 44. Qxd5 Nd6 45. Qd3 Qxe5 46. Rag1
Nf5 47. Qxc2 Nxg3+ 48. Kg2 Qe2+ 49. Qxe2 Nxe2 0-1

[Event "V MTSz Klubu Polonia Wroclaw"]
[Site "Wroclaw"]
[Date "2010.06.28"]
[Round "3"]
[White "Svane, Rasmus"]
[Black "Iwanow, Anna"]
[Result "1-0"]
[WhiteElo "2206"]
[BlackElo "2097"]
[PlyCount "47"]
[EventDate "2010.??.??"]

1. d4 Nf6 2. c4 g6 3. Nc3 Bg7 4. e4 d6 5. Nf3 O-O 6. Be2 c5 7. O-O cxd4 8. Nxd4
Nc6 9. Be3 Nd7 10. Rc1 Nxd4 11. Bxd4 Bxd4 12. Qxd4 Ne5 13. Rfd1 Bd7 14. c5 Re8
15. cxd6 exd6 16. Qxd6 Qh4 17. Nd5 Re6 18. Qb4 a5 19. Qxb7 Rf8 20. g3 Qd8 21.
f4 Bc8 22. Qc7 Nd7 23. Qxd8 Rxd8 24. Bg4 1-0

[Event "V MTSz Klubu Polonia Wroclaw"]
[Site "Wroclaw"]
[Date "2010.06.28"]
[Round "3"]
[White "Zysko, Jan"]
[Black "Hetzer, Volkhard"]
[Result "1/2-1/2"]
[WhiteElo "2203"]
[BlackElo "2063"]
[PlyCount "60"]
[EventDate "2010.??.??"]

1. e4 e5 2. Nf3 Nc6 3. Bb5 d6 4. c3 a6 5. Ba4 Bd7 6. O-O Nge7 7. d4 Ng6 8. Be3
Be7 9. Nbd2 h6 10. dxe5 dxe5 11. Re1 O-O 12. b4 Re8 13. Qc2 Bf8 14. Qd3 Nb8 15.
Bb3 Qf6 16. a4 Be6 17. Bxe6 Qxe6 18. Qc4 Qc8 19. Nf1 Nd7 20. Ng3 Nf6 21. h3 Re6
22. Nf5 Rc6 23. Qd3 Qd8 24. Qxd8 Rxd8 25. Bd2 Rc4 26. Ng3 Rd3 27. Kf1 Rd7 28.
Rac1 a5 29. Rb1 Be7 30. Rb3 Kf8 1/2-1/2

[Event "V MTSz Klubu Polonia Wroclaw"]
[Site "Wroclaw"]
[Date "2010.06.28"]
[Round "3"]
[White "Zmarzly, Aleksandra"]
[Black "Goluch, Piotr"]
[Result "0-1"]
[WhiteElo "2026"]
[BlackElo "2139"]
[PlyCount "98"]
[EventDate "2010.??.??"]

1. d4 Nf6 2. c4 c5 3. d5 b5 4. cxb5 a6 5. b6 e6 6. Nc3 d6 7. Nf3 Nbd7 8. e4
Nxb6 9. dxe6 Bxe6 10. Bg5 Be7 11. e5 dxe5 12. Qxd8+ Bxd8 13. Nxe5 h6 14. Be3
Nfd7 15. Nxd7 Nxd7 16. O-O-O O-O 17. Bc4 Bxc4 18. Rxd7 Be6 19. Rd2 Ba5 20. Bxc5
Rfc8 21. b4 Rxc5 22. bxc5 Bxc3 23. Rc2 Be5 24. Re1 Bf4+ 25. Kb2 Rb8+ 26. Kc3
Rb5 27. c6 Rc5+ 28. Kb2 Rxc2+ 29. Kxc2 Kf8 30. g3 Bc7 31. Rd1 Ke7 32. Kc3 Bd6
33. a4 a5 34. f4 Bg4 35. Rd3 g6 36. Kb3 Bh3 37. Rd2 Be6+ 38. Kb2 g5 39. f5 Bxf5
40. Rd5 Be4 41. Rxa5 Bxc6 42. Ra7+ Ke6 43. a5 h5 44. Ra6 Kd7 45. Kc3 Bc5 46. h3
Bf2 47. g4 h4 48. Kc4 Kc7 49. Kb4 Kb7 0-1

[Event "V MTSz Klubu Polonia Wroclaw"]
[Site "Wroclaw"]
[Date "2010.06.28"]
[Round "3"]
[White "Krawczyk, Andrzej"]
[Black "Kaczmarek, Maciej"]
[Result "0-1"]
[WhiteElo "2137"]
[BlackElo "2032"]
[PlyCount "90"]
[EventDate "2010.??.??"]

1. e4 c5 2. Nc3 Nc6 3. g3 g6 4. Bg2 Bg7 5. Nge2 d6 6. O-O e6 7. d3 Nge7 8. Be3
O-O 9. Qd2 Nd4 10. Rae1 Nec6 11. Nd1 Nxe2+ 12. Rxe2 Nd4 13. Ree1 f5 14. c3 Nc6
15. f4 Bd7 16. h3 b5 17. g4 Rb8 18. Qf2 Bf6 19. g5 Bg7 20. h4 b4 21. e5 bxc3
22. bxc3 dxe5 23. Bxc5 Re8 24. Bd6 exf4 25. Qxf4 Rc8 26. d4 Qa5 27. Re2 e5 28.
dxe5 Nxe5 29. Rfe1 Qb6+ 30. Ne3 Qxd6 31. Nd5 Bc6 32. c4 Qc5+ 33. Kh1 Nd3 34.
Rxe8+ Rxe8 35. Rxe8+ Bxe8 36. Qb8 Kf8 37. Nf6 Bxf6 38. gxf6 Qe5 39. Qd8 Nf2+
40. Kg1 Ng4 41. Qd2 Qe3+ 42. Qxe3 Nxe3 43. Bf3 Nxc4 44. Kf2 Nd6 45. Bd5 Bf7 0-1

[Event "V MTSz Klubu Polonia Wroclaw"]
[Site "Wroclaw"]
[Date "2010.06.28"]
[Round "4"]
[White "Markowski, Tomasz"]
[Black "Leniart, Arkadiusz"]
[Result "1-0"]
[WhiteElo "2628"]
[BlackElo "2423"]
[PlyCount "167"]
[EventDate "2010.??.??"]

1. Nf3 Nf6 2. c4 e6 3. g3 Be7 4. Bg2 O-O 5. O-O d5 6. b3 b6 7. Bb2 Bb7 8. d3 c5
9. e3 Nc6 10. Qe2 Rc8 11. Rd1 Rc7 12. Nc3 Rd7 13. cxd5 Nxd5 14. Nxd5 Rxd5 15.
d4 Rd7 16. dxc5 Bxc5 17. Nd2 f5 18. a3 Rff7 19. b4 Bf8 20. Nc4 Rxd1+ 21. Rxd1
Rd7 22. Rxd7 Qxd7 23. b5 Na5 24. Ne5 Qd6 25. Qh5 Bxg2 26. Qf7+ Kh8 27. Kxg2 Qe7
28. Qh5 Kg8 29. Qf3 Qe8 30. a4 Bd6 31. g4 Bxe5 32. Bxe5 fxg4 33. Qxg4 Qd7 34.
Qd4 Qb7+ 35. f3 Qc8 36. Qe4 h6 37. Kg3 Qc1 38. Qg4 Qg1+ 39. Kh3 Qxg4+ 40. Kxg4
Nc4 41. Kf4 Kf7 42. Ke4 Nxe5 43. Kxe5 Ke7 44. h4 Kf7 45. f4 g6 46. Kd6 Kf6 47.
e4 h5 48. e5+ Kf5 49. Ke7 Kxf4 50. Kxe6 g5 51. hxg5 Kxg5 52. Kd6 h4 53. e6 h3
54. e7 h2 55. e8=Q h1=Q 56. Qe5+ Kg6 57. Qe6+ Kg7 58. Qg4+ Kf6 59. Qf4+ Kg6 60.
Qg4+ Kf6 61. Qd4+ Kg6 62. Kc7 Qa8 63. Qd6+ Kf5 64. Qc6 Qg8 65. Qc2+ Kf6 66. Kb7
Qf7+ 67. Qc7 Qb3 68. Qf4+ Ke6 69. Kxa7 Kd7 70. Kxb6 Qe6+ 71. Ka7 Qd5 72. Qg4+
Kc7 73. Qg7+ Kc8 74. Qc3+ Kd8 75. Qf6+ Kd7 76. Kb6 Qd1 77. Qc6+ Kd8 78. Qc7+
Ke8 79. a5 Qd4+ 80. Kb7 Qb4 81. Qc6+ Kd8 82. Qd5+ Ke8 83. a6 Qe7+ 84. Kb8 1-0

[Event "V MTSz Klubu Polonia Wroclaw"]
[Site "Wroclaw"]
[Date "2010.06.28"]
[Round "4"]
[White "Markus, Robert"]
[Black "Sakalauskas, Vaidas"]
[Result "1/2-1/2"]
[WhiteElo "2615"]
[BlackElo "2412"]
[PlyCount "72"]
[EventDate "2010.??.??"]

1. c4 Nf6 2. Nf3 g6 3. Nc3 d5 4. d4 Bg7 5. Qb3 dxc4 6. Qxc4 O-O 7. e4 c6 8. Be2
b6 9. Qa4 Bb7 10. O-O Nfd7 11. Bg5 c5 12. d5 Ne5 13. Nxe5 Bxe5 14. Rad1 a6 15.
d6 Bf6 16. Bh6 Bg7 17. Bxg7 Kxg7 18. e5 exd6 19. f4 b5 20. Qc2 Nc6 21. Rxd6 Nd4
22. Qd2 Qc7 23. f5 Rae8 24. f6+ Kh8 25. Bg4 Rxe5 26. Qh6 Rg8 27. Rd7 Qc6 28.
Nd5 Rh5 29. Qg7+ Rxg7 30. fxg7+ Kxg7 31. Rfxf7+ Kh6 32. Rxh7+ Kg5 33. Bxh5 Qe6
34. h4+ Kxh4 35. Bxg6+ Kg5 36. Rhe7 Bxd5 1/2-1/2

[Event "V MTSz Klubu Polonia Wroclaw"]
[Site "Wroclaw"]
[Date "2010.06.28"]
[Round "4"]
[White "Krejci, Jan"]
[Black "Bartel, Mateusz"]
[Result "0-1"]
[WhiteElo "2455"]
[BlackElo "2609"]
[PlyCount "78"]
[EventDate "2010.??.??"]

1. e4 e6 2. d4 d5 3. Nc3 Bb4 4. e5 c5 5. a3 Bxc3+ 6. bxc3 Ne7 7. Nf3 Nbc6 8.
Be2 Qa5 9. Bd2 Bd7 10. O-O c4 11. Re1 h6 12. h4 O-O-O 13. h5 Rdf8 14. Nh2 f6
15. exf6 gxf6 16. Bg4 Nd8 17. Bf4 Qxc3 18. Bd6 Nec6 19. Bxf8 Rxf8 20. Nf3 f5
21. Bh3 Nf7 22. Re3 Qa5 23. g3 Ng5 24. Bg2 Ne4 25. Nh4 Be8 26. Bxe4 fxe4 27. c3
Qd8 28. Qg4 Qf6 29. Ra2 Ne7 30. Ng2 Rg8 31. Qd1 Qg5 32. Rb2 Qxh5 33. Qb1 Bc6
34. a4 Nf5 35. Re1 Qf7 36. a5 h5 37. a6 b6 38. Qd1 h4 39. g4 h3 0-1

[Event "V MTSz Klubu Polonia Wroclaw"]
[Site "Wroclaw"]
[Date "2010.06.28"]
[Round "4"]
[White "Krzyzanowski, Marcin"]
[Black "Fridman, Daniel"]
[Result "0-1"]
[WhiteElo "2377"]
[BlackElo "2654"]
[PlyCount "120"]
[EventDate "2010.??.??"]

1. e4 c6 2. d4 d5 3. Nc3 dxe4 4. Nxe4 Bf5 5. Nc5 Nd7 6. Nxb7 Qc7 7. Nc5 Nxc5 8.
dxc5 Rd8 9. Bd3 e6 10. Be3 Nf6 11. Qe2 Bxd3 12. cxd3 Qa5+ 13. Qd2 Qb5 14. a4
Qxd3 15. Qxd3 Rxd3 16. Ne2 Ng4 17. Nc1 Rd5 18. b4 a5 19. Ke2 Nxe3 20. fxe3 axb4
21. Nd3 Bxc5 22. Rhc1 Bd6 23. Rxc6 Kd7 24. Rc4 Rc8 25. Rxc8 Kxc8 26. Rc1+ Kd7
27. h3 Rg5 28. Kf3 Ra5 29. Nb2 Ra6 30. Ke4 f5+ 31. Kd3 Be5 32. Nc4 Bc7 33. Ra1
e5 34. Kc2 Rg6 35. Rd1+ Kc6 36. Rd2 f4 37. exf4 exf4 38. Nb2 Ba5 39. Rf2 Rg3
40. Kb1 g5 41. Rc2+ Kb7 42. Re2 b3 43. Nc4 Bb4 44. Kb2 h5 45. Re6 Ka7 46. a5
Bc5 47. Re4 Ka6 48. Re2 Kb5 49. Nd2 Re3 50. Rxe3 fxe3 51. Nf3 e2 52. Kxb3 Bf2
53. Kc3 e1=Q+ 54. Nxe1 Bxe1+ 55. Kd3 h4 56. Ke3 Bg3 57. Kf3 Kxa5 58. Kg4 Kb4
59. Kxg5 Kc3 60. Kg4 Kd2 0-1

[Event "V MTSz Klubu Polonia Wroclaw"]
[Site "Wroclaw"]
[Date "2010.06.28"]
[Round "4"]
[White "Matuszewski, Michal"]
[Black "Baklan, Vladimir"]
[Result "1/2-1/2"]
[WhiteElo "2308"]
[BlackElo "2633"]
[PlyCount "94"]
[EventDate "2010.??.??"]

1. d4 Nf6 2. Nf3 g6 3. c4 d6 4. Nc3 Bf5 5. Qb3 Qc8 6. h3 Bg7 7. g4 Bd7 8. e4
O-O 9. Be2 a5 10. Bg5 Nc6 11. d5 Nb4 12. a3 Na6 13. Qc2 e6 14. Be3 b6 15. Nd4
Nc5 16. g5 Nh5 17. Bxh5 gxh5 18. O-O-O Qe8 19. Rhg1 Kh8 20. Rde1 c6 21. f4 cxd5
22. exd5 Qc8 23. Ncb5 Nb7 24. g6 exd5 25. gxf7 Qxc4 26. Qxc4 dxc4 27. Nc7 Nc5
28. Nxa8 Rxa8 29. Re2 Rf8 30. f5 Rxf7 31. Reg2 h6 32. Rg6 Kh7 33. f6 Bf8 34.
Kc2 Bxh3 35. R6g3 Bg4 36. Rf1 Ne4 37. Rgg1 d5 38. Nc6 Nc5 39. Bxc5 bxc5 40.
Nxa5 Be2 41. Rf4 Bd3+ 42. Kc1 c3 43. Nc6 cxb2+ 44. Kxb2 Bb5 45. Ne7 Bc4 46. Nc6
Bb5 47. Ne7 Bc4 1/2-1/2

[Event "V MTSz Klubu Polonia Wroclaw"]
[Site "Wroclaw"]
[Date "2010.06.28"]
[Round "4"]
[White "Solys, Laimutis"]
[Black "Simacek, Pavel"]
[Result "0-1"]
[WhiteElo "2305"]
[BlackElo "2518"]
[PlyCount "85"]
[EventDate "2010.??.??"]

1. d4 Nf6 2. c4 c5 3. d5 e6 4. Nc3 exd5 5. cxd5 d6 6. Nf3 g6 7. g3 Bg7 8. Bg2
O-O 9. O-O Re8 10. Bf4 a6 11. a4 Ne4 12. Nxe4 Rxe4 13. Nd2 Rb4 14. b3 Bxa1 15.
Qxa1 g5 16. Be3 Bf5 17. f4 Qe7 18. Qc3 Nd7 19. fxg5 Bg6 20. Bf4 b5 21. a5 Qxe2
22. Bxd6 Re8 23. Bf4 Rd4 24. d6 Re6 25. Bf3 Qd3 26. Qxd3 Bxd3 27. Rc1 Bf5 28.
h4 Kg7 29. Bb7 Re2 30. Nf3 Rd3 31. h5 Rxb3 32. Nh4 Be6 33. h6+ Kg8 34. Bxa6 Ra2
35. Bc8 Rxa5 36. Re1 Ra2 37. Bxd7 Bxd7 38. Nf5 Rbb2 39. g4 Rg2+ 40. Kh1 Rxg4
41. Ne7+ Kf8 42. Be3 Re4 43. Kg1 0-1

[Event "V MTSz Klubu Polonia Wroclaw"]
[Site "Wroclaw"]
[Date "2010.06.28"]
[Round "4"]
[White "Laurusas, Tomas"]
[Black "Swiercz, Dariusz"]
[Result "0-1"]
[WhiteElo "2222"]
[BlackElo "2501"]
[PlyCount "112"]
[EventDate "2010.??.??"]

1. d4 Nf6 2. c4 e6 3. Nf3 d5 4. Nc3 Bb4 5. Qa4+ Nc6 6. Bg5 h6 7. Bxf6 Qxf6 8.
cxd5 exd5 9. e3 O-O 10. Be2 Be6 11. O-O a6 12. Rfc1 Bd6 13. Qd1 Ne7 14. a3 Rfb8
15. Na4 b6 16. b4 c6 17. Ne1 Bf5 18. Bd3 Bd7 19. Rab1 Ra7 20. g3 g6 21. Be2 h5
22. Bf3 Bf5 23. Rb3 a5 24. Nc3 axb4 25. axb4 b5 26. e4 dxe4 27. Bxe4 Be6 28.
Rbb1 Nd5 29. Bxd5 cxd5 30. Nc2 h4 31. Ne3 hxg3 32. hxg3 Ra3 33. Ncxd5 Bxd5 34.
Nxd5 Qg5 35. Rc3 Rxc3 36. Nxc3 Bxg3 37. Ne4 Bh2+ 38. Kxh2 Qh4+ 39. Kg1 Qxe4 40.
Rb3 Rd8 41. Re3 Qf4 42. Qe2 Rd5 43. Rh3 Rg5+ 44. Rg3 Rxg3+ 45. fxg3 Qxd4+ 46.
Kh2 Qxb4 47. Qe8+ Kg7 48. Qe5+ Kh7 49. Kh3 Qc4 50. Kh2 b4 51. Qe7 b3 52. Qf6
Kg8 53. Kh1 Qc1+ 54. Kh2 b2 55. Qd8+ Kh7 56. Qe7 Qh6+ 0-1

[Event "V MTSz Klubu Polonia Wroclaw"]
[Site "Wroclaw"]
[Date "2010.06.28"]
[Round "4"]
[White "Krupa, Monika"]
[Black "Butnorius, Algimantas"]
[Result "1-0"]
[WhiteElo "2214"]
[BlackElo "2439"]
[PlyCount "78"]
[EventDate "2010.??.??"]

1. e4 c5 2. Nf3 e6 3. Nc3 Nc6 4. Bb5 Nd4 5. Nxd4 cxd4 6. Ne2 Nf6 7. O-O Nxe4 8.
d3 Nd6 9. Ba4 Nf5 10. Ng3 Nxg3 11. fxg3 Be7 12. Qg4 Bf6 13. Bf4 Qe7 14. Rae1
O-O 15. Bb3 d5 16. Qh5 Qd8 17. Be5 Bxe5 18. Qxe5 a5 19. Qxd4 b5 20. c3 Qc7 21.
Qh4 b4 22. cxb4 Qb6+ 23. d4 Ba6 24. Bc2 g6 25. Rf4 Qxb4 26. Rb1 Rac8 27. a3 Qb6
28. Rf2 e5 29. Rd1 Rc4 30. h3 Rxd4 31. Rxd4 exd4 32. Qf6 Qxf6 33. Rxf6 Be2 34.
Kf2 Re8 35. Ba4 Re5 36. Rf4 Bc4 37. Bd1 d3 38. b3 Bb5 39. Rd4 a4 {
zapis nieczytelny} 1-0

[Event "V MTSz Klubu Polonia Wroclaw"]
[Site "Wroclaw"]
[Date "2010.06.28"]
[Round "4"]
[White "Lach, Aleksandra"]
[Black "Sieciechowicz, Marcin"]
[Result "0-1"]
[WhiteElo "2179"]
[BlackElo "2427"]
[PlyCount "102"]
[EventDate "2010.??.??"]

1. e4 c5 2. Nf3 d6 3. d4 cxd4 4. Nxd4 Nf6 5. Nc3 a6 6. Bg5 e6 7. f4 Qb6 8. Nb3
Be7 9. Be2 h6 10. Bxf6 Bxf6 11. Qd3 Nd7 12. O-O-O Be7 13. h4 Nc5 14. Nxc5 Qxc5
15. Bf3 Qc7 16. g4 Bd7 17. Qd4 Rg8 18. Rd3 O-O-O 19. Na4 Kb8 20. Nb6 Bc6 21.
Rb3 e5 22. fxe5 dxe5 23. Qe3 Rd4 24. Nd5 Qd8 25. c3 Ra4 26. Kb1 Ra5 27. c4 Bc5
28. Qd2 Bd4 29. Nb4 Ka8 30. Rd3 Rc5 31. Rc1 Qxh4 32. Ra3 Bd7 33. Nd5 Bxg4 34.
Bh1 Rxc4 35. Bg2 Rxc1+ 36. Qxc1 Rc8 37. Qf1 Qf2 38. Qxf2 Bxf2 39. Rd3 Kb8 40.
Rd2 Bd4 41. Bf1 Bf3 42. Bd3 Rd8 43. Bc2 f5 44. Ne7 fxe4 45. Nf5 Kc8 46. Bb3 e3
47. Be6+ Kb8 48. Nxe3 Re8 49. Bf7 Rf8 50. Nc2 Rxf7 51. Nxd4 Be4+ 0-1

[Event "V MTSz Klubu Polonia Wroclaw"]
[Site "Wroclaw"]
[Date "2010.06.28"]
[Round "4"]
[White "Zawadzka, Jolanta"]
[Black "Feuerstack, Aljoscha"]
[Result "1-0"]
[WhiteElo "2415"]
[BlackElo "2371"]
[PlyCount "71"]
[EventDate "2010.??.??"]

1. e4 c6 2. d4 d5 3. e5 Bf5 4. Nd2 e6 5. Nb3 Nd7 6. Nf3 h6 7. Be2 Ne7 8. O-O g5
9. Ne1 c5 10. Nxc5 Nxc5 11. dxc5 Nc6 12. Bd3 Be4 13. Be3 Qc7 14. f3 O-O-O 15.
fxe4 dxe4 16. Qe2 exd3 17. Nxd3 Bg7 18. Bf2 Rd5 19. Bg3 Nd4 20. Qe4 Rhd8 21.
Rac1 Nf5 22. Rce1 Rd4 23. Qf3 R4d5 24. Re4 R8d7 25. Qf2 h5 26. h3 Nd4 27. Nb4
Rxc5 28. Rxd4 Rxd4 29. Qxd4 Rc4 30. Qxa7 Rxb4 31. Qa8+ Qb8 32. Qxb8+ Kxb8 33.
Rxf7 h4 34. Rxg7 hxg3 35. Rxg5 Rxb2 36. Rxg3 1-0

[Event "V MTSz Klubu Polonia Wroclaw"]
[Site "Wroclaw"]
[Date "2010.06.28"]
[Round "4"]
[White "Zeberski, Jakub"]
[Black "Kalvaitis, Sigitas"]
[Result "1/2-1/2"]
[WhiteElo "2403"]
[BlackElo "2290"]
[PlyCount "87"]
[EventDate "2010.??.??"]

1. e4 e6 2. d4 d5 3. exd5 exd5 4. Nf3 Bd6 5. c4 c6 6. c5 Bc7 7. Bd3 Nf6 8. O-O
O-O 9. Bg5 Bg4 10. Nbd2 Nbd7 11. Qc2 Qb8 12. Rfe1 Bf4 13. Bxf4 Qxf4 14. g3 Qh6
15. Ne5 Nxe5 16. dxe5 Nd7 17. f3 Bh3 18. f4 Rae8 19. Nf3 f6 20. exf6 Nxf6 21.
Ne5 Nd7 22. Qc3 Qh5 23. Be2 Qf5 24. Bd3 Qh5 25. Be2 Qf5 26. Nf3 Qf6 27. Qxf6
Rxf6 28. b4 Bg4 29. Ne5 Bh3 30. Bh5 g6 31. Nxd7 Rxe1+ 32. Rxe1 Bxd7 33. Bf3 Re6
34. Rxe6 Bxe6 35. Kf2 Kf7 36. Ke3 Bh3 37. Kd4 Ke6 38. b5 h5 39. bxc6 bxc6 40.
Be2 Kf6 41. Ba6 Bd7 42. Ke3 Be6 43. a3 Kf5 44. Kf3 1/2-1/2

[Event "V MTSz Klubu Polonia Wroclaw"]
[Site "Wroclaw"]
[Date "2010.06.28"]
[Round "4"]
[White "Orzechowski, Jacek"]
[Black "Luch, Michal"]
[Result "1/2-1/2"]
[WhiteElo "2283"]
[BlackElo "2398"]
[PlyCount "60"]
[EventDate "2010.??.??"]

1. c4 g6 2. d4 Bg7 3. e4 d6 4. Nc3 Nf6 5. Nf3 O-O 6. Be3 e5 7. dxe5 dxe5 8.
Qxd8 Rxd8 9. Nd5 Nxd5 10. cxd5 c6 11. Bc4 b5 12. Bb3 Bb7 13. Rc1 h6 14. O-O a5
15. a3 a4 16. Ba2 Ra6 17. dxc6 Rxc6 18. Rxc6 Bxc6 19. Nd2 Bf8 20. Rc1 Kg7 21.
g4 b4 22. axb4 Bxb4 23. Nc4 f6 24. f3 g5 25. Nb6 Bd2 26. Bxd2 Rxd2 27. Bd5 Rxb2
28. Bxc6 Rxb6 29. Bxa4 Rb7 30. Rc5 Nd7 1/2-1/2